Acta Facultatis Philosophicae Universitatis Presoviensis. Rossica Slovaca zborník z medzinárodnej vedeckej konferencie venovanej nedožitým 85. narodeninám doc. PhDr. Štefana Doboša, CSc. ... 6

Bibliographic Details
Format: Book
Language:Slovak
PhysicalDescription:219 s. tab. 24 cm
Published: Prešov Universum 1998
ISBN:8088722284
Subjects:

MARC

LEADER 00000nam a2200000 a 4500
001 vtls001356698
003 SK-MaSNL
005 20260301010535.0
008 240226s1998 xo ap r 0yy slo
015 |a SNBA1999/07-02680 
020 |a 8088722284 
035 |a SNK000310186 
035 |a urn:nbn:sk:snk-amkj02 
035 |a urn:nbn:sk:snk-am008hmg 
035 |a B5948617-78D2-442F-BB40-632D59CC25DA 
040 |a SNK  |b slo  |c SNK  |e AACR2 
041 0 |a slo 
044 |a xo  |c SK 
080 |a 808.2(082)=854=82  |2 1981 
080 |a 82(091):882(082)=854=82  |2 1981 
245 0 0 |a Acta Facultatis Philosophicae Universitatis Presoviensis. Rossica Slovaca  |b zborník z medzinárodnej vedeckej konferencie venovanej nedožitým 85. narodeninám doc. PhDr. Štefana Doboša, CSc. ...  |n 6  |c [autor: kolektív] 
260 |a Prešov  |b Universum  |c 1998 
300 |a 219 s.  |b tab.  |c 24 cm 
500 |a Čiast. text rus. 
500 |a Údaj o aut. prevzatý z tiráže 
504 |a Bibliogr. odkazy. Res. angl. a nem. 
650 0 7 |a rusistika  |2 SNK  |9 19634 
655 7 |a zbierky  |2 SNK  |9 70533 
700 1 |a Doboš, Štefan,  |d 1912-1978  |4 oth  |9 119924 
919 |a 80-88722-28-4 
958 |a OND 
958 |a TL 
958 |a NB 
999 |c 548397  |d 550327 
952 |t P60, <04>, [BOOK], {604}  |a SNK  |b SNK  |y VYP  |7 0  |p 17A0183456  |o snkSC 98028/6 D1  |i snkKSP 2320/99  |0 0  |1 0  |4 0  |d 1999-03-08  |l 0  |r 2005-01-02 00:00:00  |w 2026-02-23 
952 |t P60, <03>, [BOOK], {603}  |a SNK  |b SNK  |y PREZ  |7 0  |p 17A0183455  |o snkSC 98028/6  |i snkKSP 2319/99  |0 0  |1 0  |4 0  |d 1999-03-08  |f 1  |l 0  |r 2025-09-18 00:00:00  |w 2026-02-23